书目信息 |
| 题名: |
宋元道教易学初探
|
|
| 作者: | 章伟文, 著 | |
| 分册: | ||
| 出版信息: | 成都 巴蜀书社 2005 |
|
| 页数: | 390页 | |
| 开本: | 21cm | |
| 丛书名: | 儒道释博士论文丛书 | |
| 单 册: | ||
| 中图分类: | B958 | |
| 科图分类: | ||
| 主题词: | 道教--Dao jiao--研究--中国--宋代 , 周易--Zhou yi--研究--中国--宋代 , 周易--Zhou yi--研究--中国--元代 , 道教--Dao jiao--研究--中国--元代 | |
| 电子资源: | ||
| ISBN: | 7-80659-776-X | |
| 000 | 01041nam 2200289 450 | |
| 001 | CAL 012006014513 | |
| 005 | 20061123153710.01 | |
| 010 | @a7-80659-776-X@dCNY 25.00 | |
| 099 | @aCAL 012006014513 | |
| 100 | @a20060228d2005 ekmy0chiy0121 ea | |
| 101 | 0 | @achi |
| 102 | @aCN@b510000 | |
| 200 | 1 | @a宋元道教易学初探@ASong Yuan Dao jiao Yi Xue Chu Tan@f章伟文著 |
| 210 | @a成都@c巴蜀书社@d2005 | |
| 215 | @a390页@c图@d21cm | |
| 225 | 2 | @a儒道释博士论文丛书@ARu Shi Dao Bo shi Lun wen Cong shu |
| 320 | @a有书目 (第381-386页) | |
| 330 | @a本书对道教易学作了明确界定,对其分期、特征以及研究目的与方法都提出了自己的看法,颇有独到之见。且对道教研究乃至宋明哲学研究都有重要意义。 | |
| 410 | 0 | @12001 @a儒道释博士论文丛书 |
| 606 | 0 | @a道教@ADao jiao@x研究@y中国@z宋代 |
| 606 | 0 | @a周易@AZhou yi@x研究@y中国@z宋代 |
| 606 | 0 | @a周易@AZhou yi@x研究@y中国@z元代 |
| 606 | 0 | @a道教@ADao jiao@x研究@y中国@z元代 |
| 690 | @aB958@v4 | |
| 701 | 0 | @a章伟文,@AZhang Wei Wen@f1969-@4著 |
| 801 | @aCN@c20061123 | |
| 905 | @apdsgxy@dB958@eZ268 | |
| 宋元道教易学初探/章伟文著.-成都:巴蜀书社,2005 |
| 390页:图;21cm.-(儒道释博士论文丛书) |
| ISBN 7-80659-776-X:CNY 25.00 |
| 本书对道教易学作了明确界定,对其分期、特征以及研究目的与方法都提出了自己的看法,颇有独到之见。且对道教研究乃至宋明哲学研究都有重要意义。 |
| ● |
| 相关链接 |
|
|
|
正题名:宋元道教易学初探
索取号:B958/Z268
 
预约/预借
| 序号 | 登录号 | 条形码 | 馆藏地/架位号 | 状态 | 备注 |
| 1 | 614057 | 206140576 | 自科二线400A/400A自科库 10排4列2层/ [索取号:B958/Z268] | 在馆 | |
| 2 | 614058 | 206140585 | 自科二线400A/400A自科库 12排2列2层/ [索取号:B958/Z268] | 在馆 |